Partnering-is it here to stay? (Record no. 70304)

MARC details
000 -LEADER
fixed length control field 01119cam a2200241 4500
001 - CONTROL NUMBER
control field ABS65464
008 - FIXED-LENGTH DATA ELEMENTS--GENERAL INFORMATION
fixed length control field 020521n2002 000 0 eng u
035 ## - SYSTEM CONTROL NUMBER
System control number (Sirsi) u118065
100 ## - MAIN ENTRY--PERSONAL NAME
Personal name Knowles, R
245 ## - TITLE STATEMENT
Title Partnering-is it here to stay?
260 ## - PUBLICATION, DISTRIBUTION, ETC.
Date of publication, distribution, etc. 2002
490 ## - SERIES STATEMENT
Series statement Civil Engineering Surveyor
Volume/sequential designation May 2002, 34-35(2)
520 ## - SUMMARY, ETC.
Summary, etc. Partnering, one of the prime ingredients of the post Latham and Egan construction process, is now widely used in publicly funded and private sector projects. Partnering has at its core a move away from appointing the tenderer who submits the lowest price. Discusses the ring-fencing of contractors' profits as a way of achieving the Egan targets but target systems and performance measures are not yet standardised. Real gains need to be fully demonstrated to ensure that partnering becomes the preferred construction method.
590 ## - LOCAL NOTE (RLIN)
Local note ABS
650 ## - SUBJECT ADDED ENTRY--TOPICAL TERM
Topical term or geographic name entry element PARTNERING
650 ## - SUBJECT ADDED ENTRY--TOPICAL TERM
Topical term or geographic name entry element TRUSTING THE TEAM
650 ## - SUBJECT ADDED ENTRY--TOPICAL TERM
Topical term or geographic name entry element LATHAM REFORMS
650 ## - SUBJECT ADDED ENTRY--TOPICAL TERM
Topical term or geographic name entry element EGAN REFORMS
650 ## - SUBJECT ADDED ENTRY--TOPICAL TERM
Topical term or geographic name entry element EGAN REFORMS
650 ## - SUBJECT ADDED ENTRY--TOPICAL TERM
Topical term or geographic name entry element LOWEST PRICE BASIS
690 ## - LOCAL SUBJECT ADDED ENTRY--TOPICAL TERM (OCLC, RLIN)
Topical term or geographic name as entry element Procurement
9 (RLIN) 6260
942 ## - ADDED ENTRY ELEMENTS (KOHA)
Suppress in OPAC 0
Holdings
Withdrawn status Lost status Source of classification or shelving scheme Damaged status Not for loan Home library Current library Shelving location Date acquired Total Checkouts Full call number Barcode Date last seen Copy number Price effective from Koha item type
    Dewey Decimal Classification     London London Journal article 21/05/2002   ABS65464 118065-1001 06/08/2019 1 06/08/2019 Journal article